El rol de la política energética en las emisiones por generación eléctrica de América Latina /
En el marco del debate sobre la relación entre el producto y las emisiones de gases de efecto invernadero, este trabajo tiene por objeto analizar el vínculo entre las emisiones de CO2 por generación eléctrica y el PIB per cápita, para nueve de los países de mayor desarrollo relativo de América Latin...
Guardat en:
| Autor principal: | |
|---|---|
| Format: | Text |
| Matèries: | |
| Etiquetes: |
Afegir etiqueta
Sense etiquetes, Sigues el primer a etiquetar aquest registre!
|
MARC
| LEADER | 00000 a a2200000 04500 | ||
|---|---|---|---|
| 001 | 45786 | ||
| 003 | |||
| 040 | |a CRAI/IIS |c CRAI/IIS | ||
| 100 | |a Zilio, Mariana | ||
| 245 | |a El rol de la política energética en las emisiones por generación eléctrica de América Latina / |c Mariana Zilio | ||
| 520 | |a En el marco del debate sobre la relación entre el producto y las emisiones de gases de efecto invernadero, este trabajo tiene por objeto analizar el vínculo entre las emisiones de CO2 por generación eléctrica y el PIB per cápita, para nueve de los países de mayor desarrollo relativo de América Latina. Se concluye que son las decisiones de política energética, y no el producto, las que definen el sendero de emisiones por generación eléctrica. | ||
| 590 | |a RRH/ENERO2014 | ||
| 650 | |a ENERGIA | ||
| 650 | |a PRODUCTO INTERNO BRUTO | ||
| 650 | |a POLITICA ENERGETICA | ||
| 650 | |a CONTAMINACION AMBIENTAL | ||
| 650 | |a CAMBIO CLIMATICO | ||
| 773 | |g volumen30, número1 (2012), páginas 109-132: tablas, gráficos | ||
| 999 | |c 18472 |d 18472 | ||
